| 000 | 01518cam a2200397 a 4500 | ||
|---|---|---|---|
| 999 |
_c173273 _d173273 |
||
| 001 | 13221136 | ||
| 003 | Nust | ||
| 005 | 20180716050721.0 | ||
| 008 | 030602r20031818enk b 000 1 eng | ||
| 010 | _a 2003269842 | ||
| 020 |
_a9781593080488 (pbk.) _cRs. 380 |
||
| 038 | _aArshad | ||
| 040 |
_aDLC _cDLC _dDLC |
||
| 043 | _ae-uk-en | ||
| 050 | 0 | 0 |
_aPR4034 _b.P4 2003 |
| 082 | 0 | 0 |
_a823.7 _bAUS |
| 100 | 1 |
_aAusten, Jane, _d1775-1817. _93693 |
|
| 245 | 1 | 0 |
_aPersuasion / _cJane Austen ; edited with an introduction and notes by Gillian Beer. |
| 260 |
_aLondon ; _aNew York : _bPenguin Books, _c2003. |
||
| 300 |
_axxxvii, 259 p. ; _c20 cm. |
||
| 440 | 0 |
_aPenguin classics _911658 |
|
| 504 | _aIncludes bibliographical references (p. [xxxv]). | ||
| 650 | 0 |
_aRejection (Psychology) _vFiction. _911659 |
|
| 650 | 0 |
_aMotherless families _vFiction. _911660 |
|
| 650 | 0 |
_aShip captains _vFiction. _911661 |
|
| 650 | 0 |
_aYoung women _vFiction. _93694 |
|
| 651 | 0 |
_aEngland _vFiction. _91072 |
|
| 655 | 7 |
_aPsychological fiction. _2lcsh _9953 |
|
| 655 | 7 |
_aLove stories. _2gsafd _9418 |
|
| 700 | 1 |
_aBeer, Gillian. _911662 |
|
| 856 | 4 | 2 |
_3Contributor biographical information _uhttp://www.loc.gov/catdir/enhancements/fy0716/2003269842-b.html |
| 856 | 4 | 2 |
_3Publisher description _uhttp://www.loc.gov/catdir/enhancements/fy0716/2003269842-d.html |
| 906 |
_a7 _bcbc _corigcop _d3 _encip _f20 _gy-gencatlg |
||
| 942 |
_2ddc _cBK |
||